00342nam a2200145Ia 450000500170000000800410001702000150005808200150007310000130008824500290010126000220013030000120015265000150016465000170017920250704013513.0240331s9999 xx 000 0 und d a9559509926 bCOOa92096 aCooray,S 0aVidyakyo ha darshanikayo aKottebGold Press a96 p ., aScientists aPhilosophers